02271nam a22003255i 450000100090000000300090000900500170001800800410003502000180007604000330009408200170012724500830014426400520022730000460027933600260032533700280035133800270037950000210040652011240042765000330155165000330158465000360161765300170165365500170167070000300168790600450171794200120176299900170177495201540179121901468EG-ScBUE20240623103223.0210211s2021 nyua f 001 0 eng d a9781639270484 aDLCbengerdacDLCdEG-ScBUE04222a610bCOM00aComplementary, integrative and alternative medicine /ceditor, Nicolas Mooney. 1aNew York :bAmerican Medical Publishers,c2021. a222 pages :bcolor illustrations ;c28 cm atextbtxt2rdacontent aunmediatedbn2rdamedia avolumebnc2rdacarrier aIncludes index.  a"The medical treatments which are used instead of traditional therapies fall under the umbrella of alternative medicine. This includes a wide range of health care products and therapies such as acupuncture, chiropractic, magnetic field therapy, etc. Integrative medicine is an approach to care that puts the patient at the center and addresses the full range of physical, emotional, mental, social, spiritual and environmental influences that affect a person's health. The diagnostic and therapeutic disciplines that are used in conjunction with conventional medicine are known as complementary medicine. Complementary, integrative and alternative medicine often use natural substances such as foods, herbs, animal and fungal products, minerals, non-vitamin supplements and megavitamins. This book outlines the concepts and applications of complementary, integrative and alternative medicine in detail. It is compiled in such a manner, that it will provide an in-depth knowledge about the theory and practice of this subject. This book will serve as a reference to a broad spectrum of readers"--cProvided by publisher. 7aAlternative medicine.2BUEsh 7aIntegrative medicine.2BUEsh 7aComplementary Therapies.2BUEsh cJune2024bPT vReading book1 aMooney, Nicolas,eeditor. a0bibccorignewd2eepcnf20gy-gencatlg 2ddccBB c30789d30760 00102ddc40708BaccahaMAINbMAINc1STd2024-06-23ePurchaseg10224.00h38283l0o610 COMp000057144r2025-07-15 00:00:00v12780.00w2024-06-23yNB